[Event "4NCL 2016-17"]
[Site "Reading ENG"]
[Date "2016.11.19"]
[Round "1.37"]
[White "Kalaiyalahan, Akshaya"]
[Black "Horton, Jamie A"]
[Result "1/2-1/2"]
[WhiteTitle "FM"]
[WhiteElo "2046"]
[BlackElo "2179"]
[WhiteTeam "Guildford"]
[BlackTeam "3C's"]
[WhiteFideId "422894"]
[BlackFideId "421472"]
[EventDate "2016.11.19"]

1. d4 Nf6 2. c4 e6 3. g3 d5 4. Bg2 Be7 5. Nf3 O-O 6. Qc2 Nbd7 7. O-O c6 8. Nbd2
b6 9. e4 dxe4 10. Nxe4 Bb7 11. Rd1 Qc8 12. Ne5 Nxe5 13. dxe5 Nxe4 14. Qxe4 Rb8
15. Qg4 Kh8 16. Be3 c5 17. Bxb7 Qxb7 18. h4 Rbd8 19. b3 Rxd1+ 20. Rxd1 Rd8 21.
Rxd8+ Bxd8 22. Qd1 Be7 23. Qd3 Kg8 24. Bf4 Qc6 25. Bd2 Qb7 26. Bf4 Qc6 27. a4 a5
28. Bd2 Qb7 29. Bf4 Qc6 30. Bd2 Qb7 1/2-1/2

[Event "4NCL 2016-17"]
[Site "Reading ENG"]
[Date "2016.11.19"]
[Round "1.38"]
[White "Lea, Daniel J"]
[Black "Golding, Alex"]
[Result "1-0"]
[WhiteElo "1946"]
[BlackElo "2080"]
[WhiteTeam "3C's"]
[BlackTeam "Guildford"]
[WhiteFideId "424340"]
[BlackFideId "427241"]
[EventDate "2016.11.19"]

1. d4 Nf6 2. c4 g6 3. Nc3 Bg7 4. e4 O-O 5. Nf3 d6 6. Be2 c5 7. d5 e6 8. O-O exd5
9. cxd5 Re8 10. Qc2 a6 11. a4 Ng4 12. Bf4 Ne5 13. Nxe5 Bxe5 14. Bxe5 Rxe5 15. f4
Re8 16. Rae1 Nd7 17. Bg4 Qh4 18. Bxd7 Bxd7 19. e5 Bf5 20. Qf2 Qxf2+ 21. Rxf2 f6
22. g4 Bd3 23. Rd1 c4 24. exf6 Kf7 25. g5 Re3 26. Kg2 h5 27. Rf3 Ree8 28. Kf2
Rab8 29. Re1 Rxe1 30. Kxe1 b5 31. axb5 axb5 32. Re3 Rb7 33. Re7+ Rxe7+ 34. fxe7
b4 35. Na2 b3 36. Nb4 Be4 37. Kd2 Bg2 38. Kc3 Bf1 39. Nc6 Ke8 40. Na5 Kxe7 41.
Nxc4 Kd7 42. Kxb3 Bg2 43. Ne3 Be4 44. Kc4 Bb1 45. b4 Kc7 46. b5 Be4 47. Kd4 Bb1
48. Nc4 Bf5 49. b6+ 1-0

[Event "4NCL 2016-17"]
[Site "Reading ENG"]
[Date "2016.11.19"]
[Round "1.41"]
[White "Tukpetov, Evgeny"]
[Black "Turner, Matthew J"]
[Result "0-1"]
[BlackTitle "GM"]
[WhiteElo "2269"]
[BlackElo "2522"]
[WhiteTeam "Kings Head"]
[BlackTeam "Barbican 4NCL"]
[WhiteFideId "446904"]
[BlackFideId "402893"]
[EventDate "2016.11.19"]

1. e4 e5 2. Nf3 Nc6 3. c3 Nf6 4. d4 Nxe4 5. d5 Bc5 6. dxc6 Bxf2+ 7. Ke2 Bb6 8.
Qd5 Nf2 9. cxb7 Bxb7 10. Qxb7 Nxh1 11. Bg5 f6 12. Bh4 Rb8 13. Qd5 Qe7 14. Nbd2
c6 15. Qc4 g5 16. Be1 Kf8 17. g3 d5 18. Qxc6 e4 19. Nd4 Bxd4 20. cxd4 Kg7 21.
Bh3 Rxb2 22. Qd7 Qxd7 23. Bxd7 Rhb8 24. Bc6 f5 25. Bxd5 Rd8 26. Bb3 Rxd4 0-1

[Event "4NCL 2016-17"]
[Site "Reading ENG"]
[Date "2016.11.19"]
[Round "1.42"]
[White "Franklin, Samuel G A"]
[Black "McMichael, Richard J"]
[Result "1-0"]
[WhiteTitle "FM"]
[BlackTitle "CM"]
[WhiteElo "2302"]
[BlackElo "2226"]
[WhiteTeam "Barbican 4NCL"]
[BlackTeam "Kings Head"]
[WhiteFideId "468576"]
[BlackFideId "400963"]
[EventDate "2016.11.19"]

1. e4 e6 2. d4 d5 3. Nc3 Nc6 4. Nf3 Nf6 5. Bg5 Be7 6. Bxf6 Bxf6 7. Bb5 O-O 8.
Qd2 Bd7 9. O-O-O a6 10. Be2 Be8 11. h4 Na5 12. Bd3 Nc4 13. Qf4 c5 14. e5 Be7 15.
Bxc4 dxc4 16. d5 exd5 17. Nxd5 Kh8 18. Qxc4 b5 19. Qg4 Bc6 20. Nb4 Bxf3 21. Qxf3
Qa5 22. Nd5 Qxa2 23. Nxe7 Qa1+ 24. Kd2 Qxb2 25. Qe4 Rfe8 26. Nc6 Rac8 27. Rb1
Qa2 28. Ra1 Qe6 29. Rxa6 f5 30. Qf3 Qh6+ 31. Ke2 Re6 32. Rd1 Qxh4 33. Qxf5 Qc4+
34. Qd3 Qg4+ 35. Qf3 Qc4+ 36. Qd3 Qg4+ 37. Kf1 h6 38. Qd7 Rf8 39. Kg1 Qe2 40.
Rf1 Rg6 41. Nd4 Qe4 42. Rxg6 1-0

[Event "4NCL 2016-17"]
[Site "Reading ENG"]
[Date "2016.11.19"]
[Round "1.43"]
[White "Kwiatkowski, Feliks J"]
[Black "Dorrington, Chris J"]
[Result "1-0"]
[WhiteTitle "CM"]
[WhiteElo "2217"]
[BlackElo "2334"]
[WhiteTeam "Kings Head"]
[BlackTeam "Barbican 4NCL"]
[WhiteFideId "401803"]
[BlackFideId "410462"]
[EventDate "2016.11.19"]

1. e4 c6 2. d4 d5 3. Nc3 dxe4 4. Nxe4 Nd7 5. Bc4 Ngf6 6. Ng5 e6 7. Qe2 Nb6 8.
Bd3 h6 9. N5f3 Bd6 10. Ne5 Qe7 11. Ngf3 c5 12. dxc5 Bxc5 13. O-O O-O 14. a3 a5
15. Bd2 Rd8 16. Rab1 a4 17. Rbd1 Bd7 18. Nxd7 Rxd7 19. Ne5 Rd5 20. c4 Rd6 21.
Bc2 Rd4 22. Bc3 Rxd1 23. Rxd1 Qc7 24. Qd3 Be7 25. Ng4 Rd8 26. Nxf6+ Kf8 27.
Qxd8+ Bxd8 28. Rxd8+ Ke7 29. Re8+ Kd6 30. Bb4+ Ke5 31. Bc3+ Kd6 32. Bb4+ Ke5 33.
Ng4+ Kf4 34. Ne3 Nxc4 35. Re7 Qc6 36. Rxf7+ Ke5 37. Bc3+ Kd6 38. Nxc4+ Qxc4 39.
Rxb7 Qf4 40. Bd3 e5 41. Rb6+ Kd7 42. Rb4 1-0

[Event "4NCL 2016-17"]
[Site "Reading ENG"]
[Date "2016.11.19"]
[Round "1.44"]
[White "Cox, John J"]
[Black "Guthrie, David"]
[Result "1-0"]
[WhiteTitle "IM"]
[WhiteElo "2325"]
[BlackElo "2192"]
[WhiteTeam "Barbican 4NCL"]
[BlackTeam "Kings Head"]
[WhiteFideId "401064"]
[BlackFideId "4300505"]
[EventDate "2016.11.19"]

1. d4 Nf6 2. c4 g6 3. Nc3 Bg7 4. e4 d6 5. h3 O-O 6. Bg5 c5 7. d5 b5 8. cxb5 Qa5
9. Bd2 a6 10. a4 Nbd7 11. Nf3 e6 12. dxe6 fxe6 13. Bc4 axb5 14. Bxe6+ Kh8 15.
Nxb5 Qb6 16. Bc3 Re8 17. Ng5 h6 18. Nxd6 hxg5 19. Nxe8 Qxe6 20. Nxg7 Qxe4+ 21.
Qe2 Qxe2+ 22. Kxe2 Ba6+ 23. Kf3 Kxg7 24. Rhe1 Kf7 25. Kg3 Nd5 26. f3 Nxc3 27.
bxc3 Bd3 28. a5 Ra6 29. Re3 c4 30. Kf2 Kf6 31. Re8 Nc5 32. Rb8 Nd7 33. Rb5 Bf5
34. g4 Be6 35. Re1 Rc6 36. Re3 Nc5 37. Rb6 Rc7 38. a6 Ra7 39. Ke2 Kf7 40. Rexe6
Nxe6 41. Rb7+ 1-0

[Event "4NCL 2016-17"]
[Site "Reading ENG"]
[Date "2016.11.19"]
[Round "1.45"]
[White "Wittmann, Jochen"]
[Black "Rogers, Jonathan W"]
[Result "1/2-1/2"]
[WhiteTitle "CM"]
[BlackTitle "FM"]
[WhiteElo "2104"]
[BlackElo "2296"]
[WhiteTeam "Kings Head"]
[BlackTeam "Barbican 4NCL"]
[WhiteFideId "409642"]
[BlackFideId "402052"]
[EventDate "2016.11.19"]

1. f4 d5 2. Nf3 g6 3. g3 c6 4. Bg2 Qb6 5. Nc3 Bg7 6. e4 dxe4 7. Nxe4 Nf6 8. Nf2
O-O 9. O-O Bf5 10. d4 Na6 11. a4 Rad8 12. Qe2 Nd5 13. a5 Qc7 14. c3 c5 15. Re1
cxd4 16. Nxd4 Bxd4 17. cxd4 Nab4 18. Bd2 Nc2 19. Rac1 Nxd4 20. Qc4 Qxc4 21. Rxc4
Nb3 22. Bc3 Rfe8 23. Bxd5 Rxd5 24. a6 bxa6 25. Rb4 Nc5 26. Rxe7 Red8 27. Re5
Rxe5 28. Bxe5 Kf8 29. Rc4 Nd7 30. Bd6+ Kg8 31. Rc7 Nb6 32. Be5 Rd7 33. Rc5 Kf8
34. g4 Be6 35. g5 Bf5 36. Kf1 Nd5 37. Ke2 Ke7 38. Ra5 Nb4 39. Bc3 Rb7 40. Kf3
Bd7 41. Re5+ Be6 42. Ng4 Nd5 43. Bd4 Kd6 44. Nf6 Rb3+ 45. Kf2 Rd3 46. Re4 Rd2+
47. Kg1 Nxf6 48. Bxf6 Bd5 49. Ra4 1/2-1/2

[Event "4NCL 2016-17"]
[Site "Reading ENG"]
[Date "2016.11.19"]
[Round "1.46"]
[White "Taylor, Martin R"]
[Black "Foord, Dominic"]
[Result "1-0"]
[WhiteTitle "FM"]
[WhiteElo "2320"]
[BlackElo "2099"]
[WhiteTeam "Barbican 4NCL"]
[BlackTeam "Kings Head"]
[WhiteFideId "407836"]
[BlackFideId "415391"]
[EventDate "2016.11.19"]

1. d4 d5 2. c4 e6 3. Nc3 c6 4. e4 Bb4 5. Bd2 Nf6 6. e5 Bxc3 7. bxc3 Ne4 8. Bd3
Nxd2 9. Qxd2 b6 10. Ne2 Ba6 11. cxd5 Bxd3 12. Qxd3 cxd5 13. O-O O-O 14. f4 f5
15. exf6 Rxf6 16. f5 exf5 17. Rxf5 Nc6 18. Raf1 Rd6 19. Qg3 Rg6 20. Qf3 Ne7 21.
Rf7 h6 22. Ng3 Rc8 23. Qe3 Rc7 24. Qe5 Qd6 25. Rxg7+ 1-0

[Event "4NCL 2016-17"]
[Site "Reading ENG"]
[Date "2016.11.19"]
[Round "1.47"]
[White "Gilfillan, Andrew"]
[Black "Sowray, Peter J"]
[Result "0-1"]
[BlackTitle "FM"]
[WhiteElo "1973"]
[BlackElo "2310"]
[WhiteTeam "Kings Head"]
[BlackTeam "Barbican 4NCL"]
[WhiteFideId "2402580"]
[BlackFideId "400971"]
[EventDate "2016.11.19"]

1. e4 e5 2. Nf3 Nc6 3. Bc4 Nf6 4. d3 Be7 5. Nc3 d6 6. a3 O-O 7. Be3 Be6 8. Nd5
Bxd5 9. exd5 Nb8 10. d4 e4 11. Nd2 Nbd7 12. Ba2 Re8 13. g4 c6 14. dxc6 bxc6 15.
c4 h6 16. h4 c5 17. g5 cxd4 18. Bxd4 Nc5 19. Bxc5 dxc5 20. Qe2 Qb6 21. O-O-O
Rab8 22. b3 e3 23. fxe3 Qa6 24. Kb2 Nd5 25. Qd3 Nxe3 26. Rdg1 Bd6 27. Bb1 Be5+
28. Ka2 Re6 29. gxh6 Qxa3+ 0-1

[Event "4NCL 2016-17"]
[Site "Reading ENG"]
[Date "2016.11.19"]
[Round "1.48"]
[White "Regan, Natasha K"]
[Black "Sun, Xinyue"]
[Result "0-1"]
[WhiteTitle "WIM"]
[WhiteElo "2034"]
[BlackElo "2080"]
[WhiteTeam "Barbican 4NCL"]
[BlackTeam "Kings Head"]
[WhiteFideId "403067"]
[BlackFideId "8600813"]
[EventDate "2016.11.19"]

1. f4 d5 2. Nf3 Nf6 3. g3 e6 4. Bg2 Be7 5. d3 b6 6. O-O Bb7 7. Qe1 O-O 8. c3
Nbd7 9. h3 a5 10. Bd2 Bd6 11. Na3 e5 12. fxe5 Nxe5 13. Nxe5 Bxe5 14. Nb5 Qd7 15.
a4 c6 16. Nd4 c5 17. Nf3 Bd6 18. Bf4 Nh5 19. Bxd6 Qxd6 20. g4 Nf4 21. Qd2 Rae8
22. Rae1 d4 23. cxd4 cxd4 24. Rf2 Re3 25. Bf1 Rfe8 26. Rc1 Nxd3 27. exd3 Bxf3
28. Bg2 Qg3 29. Rcf1 Re2 0-1

[Event "4NCL 2016-17"]
[Site "Reading ENG"]
[Date "2016.11.19"]
[Round "1.63"]
[White "Palliser, Richard J D"]
[Black "Haria, Ravi"]
[Result "0-1"]
[WhiteTitle "IM"]
[BlackTitle "FM"]
[WhiteElo "2421"]
[BlackElo "2383"]
[WhiteTeam "White Rose"]
[BlackTeam "Wood Green"]
[WhiteFideId "407372"]
[BlackFideId "415820"]
[EventDate "2016.11.19"]

1. d4 e6 2. c4 Bb4+ 3. Nc3 b6 4. e3 Bb7 5. Ne2 f5 6. d5 Nf6 7. a3 Bxc3+ 8. Nxc3
O-O 9. b3 Qe7 10. Bb2 d6 11. Bd3 Nbd7 12. dxe6 Ne5 13. Be2 Qxe6 14. f3 Rad8 15.
Qd4 Rfe8 16. Kf2 c5 17. Qd2 d5 18. cxd5 Bxd5 19. Nxd5 Rxd5 20. Qc1 Nd3+ 21. Bxd3
Rxd3 22. Bxf6 gxf6 23. Re1 Qxb3 24. Re2 Red8 25. Rb1 Qd5 26. Qb2 Kg7 27. Qb5 Rd2
28. Rb2 Rxe2+ 29. Rxe2 Qd3 30. Qc6 Qd7 31. Qxd7+ Rxd7 32. Kg3 b5 33. Kf4 Kg6 34.
h4 h5 35. g4 fxg4 36. fxg4 hxg4 37. Kxg4 c4 38. h5+ Kg7 39. e4 Rc7 40. Kf5 Rc5+
41. Ke6 Rxh5 42. Kd6 Re5 43. Kc6 a6 44. Kb6 Re6+ 45. Kc5 Kg6 46. Rg2+ Kf7 47.
Rg4 c3 0-1

[Event "4NCL 2016-17"]
[Site "Reading ENG"]
[Date "2016.11.19"]
[Round "1.83"]
[White "Coathup, Roger H"]
[Black "Zakarian, David"]
[Result "0-1"]
[BlackTitle "FM"]
[WhiteElo "2159"]
[BlackElo "2380"]
[WhiteTeam "North East England"]
[BlackTeam "Oxford"]
[WhiteFideId "407062"]
[BlackFideId "13301276"]
[EventDate "2016.11.19"]

1. d4 Nf6 2. c4 e6 3. Nc3 Bb4 4. e3 O-O 5. Ne2 d5 6. a3 Bd6 7. Ng3 c5 8. dxc5
Bxc5 9. Be2 Nc6 10. O-O Bb6 11. b4 a5 12. bxa5 Nxa5 13. cxd5 exd5 14. Nb5 Be6
15. Bd2 Nc6 16. Bc3 Qe7 17. Qb1 Ba5 18. Rc1 Rfd8 19. Qb2 Bxc3 20. Qxc3 Ra4 21.
h3 g6 22. Qc5 Qd7 23. Rd1 h5 24. Qc3 Qe7 25. Nd4 h4 26. Nf1 Nxd4 27. Rxd4 Ne4
28. Qb2 Rda8 29. Rxa4 Rxa4 30. Bf3 Nd6 31. Nd2 b5 32. Rd1 Qd7 33. Nb1 Nc4 34.
Qc3 Qc6 35. Qf6 Nxa3 36. Nxa3 Rxa3 37. Bxd5 Bxd5 38. Qd8+ Kg7 39. Qxd5 Qxd5 40.
Rxd5 Ra1+ 41. Kh2 Rb1 42. g4 Kf6 43. Kg2 Ke6 44. Rd8 b4 45. Rb8 b3 46. Rb5 Kd6
47. Rb7 Kc6 48. Rb8 Kc5 49. g5 Kc4 50. Rb7 Rd1 51. Rc7+ Kd3 52. Rd7+ Ke2 53. Rb7
Rd3 54. Rxf7 Kd2 55. Rf6 b2 56. Rb6 Kc2 0-1

[Event "4NCL 2016-17"]
[Site "Reading ENG"]
[Date "2016.11.20"]
[Round "2.11"]
[White "Gormally, Daniel W"]
[Black "Howell, David W L"]
[Result "0-1"]
[WhiteTitle "GM"]
[BlackTitle "GM"]
[WhiteElo "2498"]
[BlackElo "2655"]
[WhiteTeam "Blackthorne Russia"]
[BlackTeam "Cheddleton"]
[WhiteFideId "406465"]
[BlackFideId "410608"]
[EventDate "2016.11.19"]

1. e4 e5 2. Nf3 Nc6 3. Bb5 a6 4. Ba4 Nf6 5. O-O Be7 6. Re1 b5 7. Bb3 d6 8. a4
Bd7 9. c3 O-O 10. d4 h6 11. Nbd2 Re8 12. h3 Bf8 13. Bc2 exd4 14. cxd4 Nb4 15.
Bb1 c5 16. Ra3 bxa4 17. e5 dxe5 18. dxe5 Nfd5 19. Ne4 Qb6 20. Nc3 Be6 21. Nxa4
Qb5 22. Bd2 Rad8 23. Qc1 Rd7 24. Be4 Red8 25. Qb1 a5 26. Rc1 Kh8 27. Bf5 Nc7 28.
Nc3 Qa6 29. Bxe6 Qxe6 30. Ne4 Nd3 31. Rf1 c4 32. Rxa5 Qg6 33. Nd6 Bxd6 34. exd6
Rxd6 35. Nh4 Qe4 36. Nf5 Rg6 37. Ng3 Qc6 38. Rf5 Rd7 39. Rf3 Ne5 0-1

[Event "4NCL 2016-17"]
[Site "Reading ENG"]
[Date "2016.11.20"]
[Round "2.12"]
[White "Williams, Simon K"]
[Black "Ledger, Andrew J"]
[Result "1-0"]
[WhiteTitle "GM"]
[BlackTitle "IM"]
[WhiteElo "2444"]
[BlackElo "2377"]
[WhiteTeam "Cheddleton"]
[BlackTeam "Blackthorne Russia"]
[WhiteFideId "404454"]
[BlackFideId "400610"]
[EventDate "2016.11.19"]

1. d4 Nf6 2. Nf3 e6 3. Bf4 c5 4. e3 Nc6 5. Nbd2 d5 6. c3 Bd6 7. Bg3 Bxg3 8. hxg3
Qd6 9. Bd3 Bd7 10. Qe2 O-O-O 11. dxc5 Qxc5 12. e4 dxe4 13. Nxe4 Nxe4 14. Bxe4 h6
15. O-O Kb8 16. Rfd1 Bc8 17. Bxc6 bxc6 18. Qe5+ Qxe5 19. Nxe5 Kc7 20. Nxf7 Rxd1+
21. Rxd1 Rf8 22. Ne5 Rf5 23. f4 c5 24. Kf2 g5 25. Ke3 Rf8 26. b4 cxb4 27. cxb4
a6 28. Rc1+ Kd8 29. Rh1 Rg8 30. fxg5 hxg5 31. Rh7 1-0

[Event "4NCL 2016-17"]
[Site "Reading ENG"]
[Date "2016.11.20"]
[Round "2.13"]
[White "Webb, Laurence E"]
[Black "Fodor, Tamas Jr."]
[Result "0-1"]
[WhiteTitle "FM"]
[BlackTitle "GM"]
[WhiteElo "2298"]
[BlackElo "2493"]
[WhiteTeam "Blackthorne Russia"]
[BlackTeam "Cheddleton"]
[WhiteFideId "402389"]
[BlackFideId "723762"]
[EventDate "2016.11.19"]

1. e4 e5 2. Nf3 Nc6 3. c3 d5 4. Qa4 f6 5. Bb5 Ne7 6. exd5 Qxd5 7. d4 a6 8. Bc4
Qe4+ 9. Be3 Bd7 10. Qd1 O-O-O 11. O-O exd4 12. cxd4 Nb4 13. Nc3 Qc2 14. Qxc2
Nxc2 15. Rac1 Nxe3 16. fxe3 Ng6 17. Kf2 Kb8 18. Bb3 Be7 19. Ne4 b6 20. Rfd1 Rhe8
21. Bf7 Rf8 22. Bc4 Bc8 23. g3 Bb7 24. d5 Rfe8 25. Nd4 Bb4 26. a3 Rxe4 27. axb4
Ne5 28. Ne6 Rd7 29. b3 Ng4+ 30. Kf3 Rxe6 31. Kxg4 Rxe3 32. Re1 Rxe1 33. Rxe1 b5
34. Bd3 g6 35. Re6 Rxd5 36. Re8+ Bc8+ 0-1

[Event "4NCL 2016-17"]
[Site "Reading ENG"]
[Date "2016.11.20"]
[Round "2.14"]
[White "Hamitevici, Vladimir"]
[Black "Bates, Richard A"]
[Result "1/2-1/2"]
[WhiteTitle "IM"]
[BlackTitle "IM"]
[WhiteElo "2484"]
[BlackElo "2341"]
[WhiteTeam "Cheddleton"]
[BlackTeam "Blackthorne Russia"]
[WhiteFideId "13902393"]
[BlackFideId "403555"]
[EventDate "2016.11.19"]

1. d4 Nf6 2. Nf3 g6 3. c4 Bg7 4. e3 O-O 5. Be2 d6 6. O-O Nbd7 7. Nc3 e5 8. Qc2
Re8 9. Rd1 e4 10. Nd2 Qe7 11. b4 Nf8 12. Bb2 h5 13. Rac1 Bg4 14. h3 Bxe2 15.
Nxe2 N8h7 16. d5 Nd7 17. Bxg7 Kxg7 18. c5 Nhf6 19. c6 bxc6 20. Qxc6 Ne5 21. Qxc7
Qxc7 22. Rxc7 Nxd5 23. Rb7 Nf6 24. Nc3 d5 25. Nb3 Nd3 26. Nc5 Rac8 27. N3a4 Rb8
28. Rxb8 Rxb8 29. Nxd3 exd3 30. a3 a5 31. bxa5 Rb3 32. Ra1 d2 33. Rd1 Rxa3 34.
Nb2 Rxa5 35. Rxd2 Ra1+ 36. Rd1 Rxd1+ 37. Nxd1 Kf8 38. Nc3 Ke7 39. Nb5 Nd7 40.
Kh2 Ke6 41. Kg3 Nc5 42. Kh4 Ne4 43. f3 Nd2 44. Kg3 Nc4 45. Kf4 f6 46. h4 g5+ 47.
hxg5 fxg5+ 48. Kxg5 Nxe3 49. g3 Ke5 50. Kxh5 d4 51. f4+ Ke4 52. Nxd4 Kxd4 53.
Kg5 Ke4 54. g4 Kf3 55. f5 Nxg4 56. f6 Nxf6 1/2-1/2

[Event "4NCL 2016-17"]
[Site "Reading ENG"]
[Date "2016.11.20"]
[Round "2.15"]
[White "Eames, Robert S"]
[Black "Colovic, Aleksandar"]
[Result "0-1"]
[WhiteTitle "FM"]
[BlackTitle "GM"]
[WhiteElo "2201"]
[BlackElo "2440"]
[WhiteTeam "Blackthorne Russia"]
[BlackTeam "Cheddleton"]
[WhiteFideId "408743"]
[BlackFideId "15000729"]
[EventDate "2016.11.19"]

1. e4 e5 2. f4 d5 3. exd5 exf4 4. Nf3 Nf6 5. c4 c6 6. Nc3 cxd5 7. cxd5 Bd6 8.
Bb5+ Bd7 9. Qe2+ Qe7 10. Qxe7+ Kxe7 11. Bc4 Rc8 12. Bb3 Bg4 13. O-O Nbd7 14. d4
Bxf3 15. Rxf3 g5 16. Bd2 a6 17. Re1+ Kf8 18. g3 g4 19. Bxf4 gxf3 20. Bxd6+ Kg8
21. Rf1 Re8 22. Rxf3 Re1+ 23. Kg2 Rae8 24. Bf4 b5 25. d6 b4 26. Nd5 R8e2+ 27.
Kh3 Ne4 28. Ne7+ Kg7 29. g4 Rf2 30. Nf5+ Kf8 31. Rxf2 Nxf2+ 32. Kh4 Nd3 33. Bh6+
Ke8 34. Ng7+ Kd8 35. Bxf7 Nxb2 36. Bg5+ Kc8 37. Be6 a5 38. Bf5 Nc4 39. Bf4 a4
40. Ne6 Ncb6 41. Bd2 Re2 42. Bxb4 Rxa2 43. Nc5 Kd8 44. h3 Ra1 45. Ne6+ Kc8 46.
Nc5 Kd8 47. Bxh7 a3 48. Bg8 a2 49. Ba5 Ke8 50. Nxd7 Nxd7 51. Bc7 Nf8 52. Bb3 Kd7
53. g5 Ne6 54. g6 Nxd4 55. Ba4+ Kc8 56. Bb6 Nf5+ 57. Kh5 Rd1 58. Bxd1 a1=Q 59.
Bg4 Qf6 60. Bf2 Kd7 61. h4 Ke6 62. Bh3 Kxd6 63. Kg4 Qxg6+ 64. Kf4 Ne7 65. Bg3
Qf6+ 66. Ke4+ Kc5 67. Bg4 Nd5 0-1

[Event "4NCL 2016-17"]
[Site "Reading ENG"]
[Date "2016.11.20"]
[Round "2.16"]
[White "Kirk, Ezra"]
[Black "Nelson, Jonathan P"]
[Result "1/2-1/2"]
[WhiteTitle "FM"]
[WhiteElo "2345"]
[BlackElo "2185"]
[WhiteTeam "Cheddleton"]
[BlackTeam "Blackthorne Russia"]
[WhiteFideId "600067"]
[BlackFideId "404195"]
[EventDate "2016.11.19"]

1. d4 g6 2. c4 Bg7 3. Nc3 d6 4. Nf3 e5 5. dxe5 dxe5 6. Qxd8+ Kxd8 7. Bd2 Be6 8.
O-O-O Nd7 9. Ne4 Ke8 10. e3 h6 11. Bb4 Ngf6 12. Nc3 Bf8 13. Bxf8 Kxf8 14. Be2
Ke7 15. Rd2 Rhd8 16. Rhd1 Ne8 17. Nd5+ Bxd5 18. Rxd5 c6 19. Ra5 b6 20. Ra3 Nd6
21. Nd2 e4 22. f3 f5 23. b4 a5 24. c5 Nb5 25. Bxb5 cxb5 26. fxe4 axb4 27. Rxa8
Rxa8 28. c6 Rc8 29. exf5 Rxc6+ 30. Kb2 gxf5 31. Nf3 Rc3 32. Nd4 Ne5 33. Nxf5+
Kf6 34. e4 Nc4+ 35. Kb1 Na3+ 36. Ka1 Rc2 37. Ne3 Re2 38. Nd5+ Ke5 39. Nxb4 Rxg2
40. h3 1/2-1/2

[Event "4NCL 2016-17"]
[Site "Reading ENG"]
[Date "2016.11.20"]
[Round "2.17"]
[White "Ledger, Dave J"]
[Black "Radovanovic, Jovica"]
[Result "0-1"]
[WhiteTitle "FM"]
[BlackTitle "FM"]
[WhiteElo "2215"]
[BlackElo "2343"]
[WhiteTeam "Blackthorne Russia"]
[BlackTeam "Cheddleton"]
[WhiteFideId "401986"]
[BlackFideId "915912"]
[EventDate "2016.11.19"]

1. e4 c5 2. Nf3 d6 3. d4 cxd4 4. Nxd4 Nf6 5. Nc3 Nc6 6. g3 g6 7. Bg2 Nxd4 8.
Qxd4 Bg7 9. O-O O-O 10. Qb4 a5 11. Qb5 Be6 12. Be3 Ng4 13. Bb6 Qc8 14. Nd5 Bxd5
15. exd5 Qxc2 16. Rac1 Qxb2 17. Qxb2 Bxb2 18. Rc7 Bf6 19. Rd1 Rfc8 20. Rxc8+
Rxc8 21. Bh3 Rc4 22. Bxa5 h5 23. Rb1 Ra4 24. Bd8 Ra8 25. Bb6 Rxa2 0-1

[Event "4NCL 2016-17"]
[Site "Reading ENG"]
[Date "2016.11.20"]
[Round "2.18"]
[White "Steil-Antoni, Fiona"]
[Black "Robson, Caroline J"]
[Result "1-0"]
[WhiteTitle "WIM"]
[WhiteElo "2141"]
[BlackElo "1554"]
[WhiteTeam "Cheddleton"]
[BlackTeam "Blackthorne Russia"]
[WhiteFideId "4001249"]
[BlackFideId "411752"]
[EventDate "2016.11.19"]

1. e4 c5 2. Nc3 Nc6 3. f4 g6 4. Nf3 Bg7 5. Bc4 d6 6. d3 a6 7. a4 e6 8. O-O Nge7
9. Qe1 O-O 10. f5 exf5 11. Qh4 h5 12. Bg5 Be6 13. Nd5 Re8 14. exf5 Bxf5 15. Rae1
Be6 16. Nxe7+ Nxe7 17. Bxe6 fxe6 18. Rxe6 1-0

[Event "4NCL 2016-17"]
[Site "Reading ENG"]
[Date "2016.11.20"]
[Round "2.21"]
[White "Turner, Matthew J"]
[Black "Zhou, Yang-Fan"]
[Result "1/2-1/2"]
[WhiteTitle "GM"]
[BlackTitle "IM"]
[WhiteElo "2522"]
[BlackElo "2473"]
[WhiteTeam "Barbican 4NCL"]
[BlackTeam "Guildford"]
[WhiteFideId "402893"]
[BlackFideId "468584"]
[EventDate "2016.11.19"]

1. d4 g6 2. Nf3 Nf6 3. Bf4 Bg7 4. e3 O-O 5. h3 d6 6. Be2 Nbd7 7. O-O b6 8. c4
Bb7 9. Nc3 Ne4 10. Nxe4 Bxe4 11. Bg3 c5 12. Rc1 Qc8 13. Qd2 Qb7 14. Rfd1 Rac8
15. b3 Rfe8 16. Ne1 Nf6 17. f3 Bf5 18. Bf2 e5 19. dxc5 dxc5 20. e4 Be6 21. Bf1
Nh5 22. Nd3 Qe7 23. g4 Nf6 24. b4 Nd7 25. bxc5 Nxc5 26. Nxc5 bxc5 27. Qe3 Bf6
28. Rb1 Bg5 29. Qa3 Rc7 30. Rb5 Rec8 31. Rdb1 h5 32. Rb8 hxg4 33. hxg4 Bf4 34.
Be2 Kg7 35. Kg2 Qd8 36. Rxc8 Rxc8 37. Qc3 Qc7 38. Rh1 Rd8 39. Be3 Bxe3 40. Qxe3
Rh8 41. Rxh8 Kxh8 42. Qd2 Kg7 43. Kg3 Qb8 44. Kg2 Kh7 45. Kf2 Qb6 46. Qc3 Qd6
47. Kg3 Kg8 48. Qd3 Qb6 49. Qb3 Qb4 50. Qxb4 cxb4 51. f4 f6 52. f5 gxf5 53. exf5
Bf7 54. g5 fxg5 55. Kg4 a5 56. Kxg5 a4 57. Bd1 Bxc4 58. Bxa4 Bxa2 59. f6 Be6 60.
Bc2 Kf7 61. Bg6+ Kf8 62. Bc2 Ke8 63. Kg6 Kf8 64. Kg5 Ke8 65. Kg6 Bg8 66. Ba4+
Kf8 67. Kf5 b3 68. Bxb3 Bxb3 69. Kxe5 1/2-1/2

[Event "4NCL 2016-17"]
[Site "Reading ENG"]
[Date "2016.11.20"]
[Round "2.22"]
[White "Buckley, Graeme N"]
[Black "Parker, Jonathan F"]
[Result "1/2-1/2"]
[WhiteTitle "IM"]
[BlackTitle "GM"]
[WhiteElo "2342"]
[BlackElo "2530"]
[WhiteTeam "Guildford"]
[BlackTeam "Barbican 4NCL"]
[WhiteFideId "402265"]
[BlackFideId "400580"]
[EventDate "2016.11.19"]

1. e4 e5 2. Nf3 Nc6 3. Bb5 a6 4. Ba4 Nf6 5. O-O Be7 6. Re1 b5 7. Bb3 d6 8. c3
O-O 9. h3 Nb8 10. d4 Nbd7 11. Nbd2 Bb7 12. Bc2 Re8 13. a4 Bf8 14. Bd3 c6 15. Qc2
g6 16. b3 Nh5 17. Bf1 Nf4 18. Bb2 Bg7 19. b4 Rc8 20. Qb3 Nb6 21. a5 Na4 22. Bc1
Ne6 23. dxe5 dxe5 24. Nc4 Qc7 25. Rd1 Rcd8 26. Rxd8 Rxd8 27. Ng5 Bc8 28. Be3 c5
29. Nb6 Nxb6 30. axb6 Qxb6 31. bxc5 Qb7 32. Qa3 Nxg5 33. Bxg5 Re8 34. f3 Bf8 35.
Be3 Re6 36. Qb4 1/2-1/2